Komparácia druhov účtovných závierok podnikateľov členených podľa veľkostných kritérií diplomová práca

Salvato in:
Dettagli Bibliografici
Autore principale: Briestenská, Lenka
Ente Autore: Fakulta hospodárskej informatiky EU. Katedra účtovníctva a audítorstva
Altri autori: Šlosárová, Anna
Natura: Libro
Lingua:slovacco
Pubblicazione: Bratislava 2017
Tags: Aggiungi Tag
Nessun Tag, puoi essere il primo ad aggiungerne!!

MARC

LEADER 00000nbm a2200000 4500
001 0230982
005 20180410100152.5
041 0 |a slo 
044 |a SK 
245 1 0 |a Komparácia druhov účtovných závierok podnikateľov členených podľa veľkostných kritérií  |b diplomová práca  |c Lenka Briestenská ; školiteľ: Anna Šlosárová 
264 1 |a Bratislava  |c 2017 
300 |a 75 s. 
100 1 |a Briestenská, Lenka 
700 1 |a Šlosárová, Anna 
710 2 |a Fakulta hospodárskej informatiky EU. Katedra účtovníctva a audítorstva